| 000 | 00562nam a22001817a 4500 | ||
|---|---|---|---|
| 008 | 140630b xxu||||| |||| 00| 0 eng d | ||
| 020 | _a1-846-610-087 | ||
| 082 |
_27th ed. _a346.072 SIL |
||
| 100 | _aSilverman,Frances. | ||
| 245 |
_aStandard conditions of sale:a conveyancer's guide. _ba conveyancer's guide _cFrances,silverman |
||
| 250 | _a7th ed. | ||
| 260 |
_aBristol, _bJordan Publishing Limited. _c2006. |
||
| 300 |
_axxiv,313 p.; _c24 cm. |
||
| 521 | _aincludes index. | ||
| 650 | _2standard conditions of sale | ||
| 760 | _b7th ed. | ||
| 942 |
_2ddc _cBK |
||
| 999 |
_c5902 _d5902 |
||